Muzycy według zdjęć #1 - Statystyki

Ogólne statystyki
  • Ten quiz został rozwiązany 2 977 razy
  • Średni wynik to 11 z 20
Statystyki odpowiedzi
Obrazkowy Hint Odpowiedź % Poprawnych
ur. 1993 Dawid Podsiadło
94%
1756–1791 Wolfgang Amadeus Mozart
86%
ur. 1988 Adele
84%
ur. 1986 Lady Gaga
76%
ur. 1984 Katy Perry
71%
1983–2011 Amy Winehouse
67%
1939-2004 Czesław Niemen
67%
ur. 1969 Jennifer Lopez
61%
1947–2016 David Bowie
60%
ur. 1947 Elton John
60%
1915–1998 Frank Sinatra
60%
ur. 1946 Cher
52%
1950-1980 Anna Jantar
51%
ur. 2003 Olivia Rodrigo
43%
1942–1970 Jimi Hendrix
41%
ur. 1978 Usher
40%
ur. 1993 Zayn Malik
38%
1942–2018 Aretha Franklin
26%
ur. 1947 Iggy Pop
23%
ur. 1940 Ringo Starr
22%
Nie znaleziono quizów pasujących do podanych kryteriów
Rozkład punktacji
Procent ludzi z każdym wynikiem
Percentyl według liczby udzielonych odpowiedzi
Twoja historia wyników
Nie rozwiązałeś tego quizu